000 00832nam a2200265 a 4500
999 _c1307
_d1307
008 191218t2011 ii a|||g |||| 001 0 eng d
020 _a9788132106517
_cRs. 795.00
040 _aKO
_beng
041 0 _aeng
044 _aii
082 0 4 _223
_a330.954
_bK642
100 1 _aKishore, Adarsh
245 1 0 _aThe Global Economic Crisis through an Indian Looking Glass /
_cAdarsh Kishore, Michael Debabrata Patra and Partha Ray
260 _aNew Delhi :
_bSAGE Publications India Pvt Ltd.,
_c2011.
300 _axx, 318 p. :
_bill. ;
_c22 cm
504 _aIncludes Index.
650 0 _aGlobal Financial Crisis, 2008-2009
650 0 _aFinancial crises
_zIndia
650 0 _aEconomic conditions
_zIndia
700 _aPatra, Michael Debabrata
_eaut
700 _aRay, Partha
_eaut
904 _aA_BOSE
942 _cBK